| 000 | 01009nam a2200241Ia 4500 | ||
|---|---|---|---|
| 001 | 9828 | ||
| 003 | GE_BSU | ||
| 008 | 181216s||||||||xx |||||||||||||| ||und|| | ||
| 020 | _a9992879785 | ||
| 040 | _cGE_BSU | ||
| 080 | _a821.353.1.09 | ||
| 100 | _aნიკოლეიშვილი,ავთანდილ | ||
| 245 | _aმეოცე საუკუნის ქართული ლიტერატურის ისტორიის ნარკვევები. წ.6 | ||
| 245 | _cრედ:ხინთიბიძე,ელგუჯა | ||
| 260 | _aქუთაისი | ||
| 260 | _bქუთაისის უნ-ტის გამ-ბა | ||
| 260 | _c2005 | ||
| 300 | _a360გვ;20სმ | ||
| 520 | _aრეზიუმე ინგლისურ ენაზე | ||
| 541 | _h15ლ | ||
| 653 | _aმეოცე საუკუნის ქართული ლიტერატურის ისტორიის ნარკვევები. | ||
| 942 | _cBK | ||
| 999 |
_c43107 _d43107 |
||